Протестное движение шахтёров России в 1992-1999 гг: монография

Dades bibliogràfiques
Autor principal: Соловенко И. С. Игорь Сергеевич
Autor corporatiu: Национальный исследовательский Томский политехнический университет Юргинский технологический институт
Sumari:В монографии показаны причины, ход и результаты протестного движения шахтёров России в 1992 - 1999 гг. Анализируются цели, задачи, требования, формы и методы борьбы рабочих угольной промышленности. Особое внимание отводится эволюции общественного мнения и методам нейтрализации шахтерской борьбы. Показаны место и роль шахтёров в рабочем движении постсоветской России. Предназначена для всех интересующихся отечественной историей.
Idioma:rus
Publicat: Томск, Изд-во ТПУ, 2019
Matèries:
Format: MixedMaterials Llibre
KOHA link:https://koha.lib.tpu.ru/cgi-bin/koha/opac-detail.pl?biblionumber=343401

MARC

LEADER 00000nam0a2200000 4500
001 343401
005 20231102005544.0
010 |a 9785438708674 
035 |a (RuTPU)RU\TPU\book\373607 
090 |a 343401 
100 |a 20190916d2019 k y0rusy50 ca 
101 0 |a rus 
102 |a RU 
105 |a a z 001zy 
200 1 |a Протестное движение шахтёров России в 1992-1999 гг  |e монография  |f И. С. Соловенко  |g Национальный исследовательский Томский политехнический университет, Юргинский технологический институт 
210 |a Томск  |c Изд-во ТПУ  |d 2019 
215 |a 343 с.  |c ил. 
320 |a Примечания: с. 307-342 
330 |a В монографии показаны причины, ход и результаты протестного движения шахтёров России в 1992 - 1999 гг. Анализируются цели, задачи, требования, формы и методы борьбы рабочих угольной промышленности. Особое внимание отводится эволюции общественного мнения и методам нейтрализации шахтерской борьбы. Показаны место и роль шахтёров в рабочем движении постсоветской России. Предназначена для всех интересующихся отечественной историей. 
606 1 |a Рабочее движение в России  |x История  |z 1992-  |2 stltpush  |3 (RuTPU)RU\TPU\subj\79501  |9 87923 
610 1 |a шахтеры 
610 1 |a протестное движение 
610 1 |a Россия 
610 1 |a 20 век 
610 1 |a угольная промышленность 
610 1 |a труды учёных ТПУ 
686 |a Т3(2)64  |v LBC/SL-A  |2 rubbk 
700 1 |a Соловенко  |b И. С.  |c историк, экономист  |c профессор Юргинского технологического института (филиала) Томского политехнического университета, доктор наук  |f 1971-  |g Игорь Сергеевич  |2 stltpush  |3 (RuTPU)RU\TPU\pers\24526  |9 10836 
712 0 2 |a Национальный исследовательский Томский политехнический университет  |b Юргинский технологический институт  |c (2009- )  |h 349  |2 stltpush  |3 (RuTPU)RU\TPU\col\15903 
801 1 |a RU  |b 63413507  |c 20190916 
801 2 |a RU  |b 63413507  |c 20200910  |g RCR 
942 |c BK